| 000 | 01592nam0a22003011 4500 | ||
|---|---|---|---|
| 001 | rc\4451876 | ||
| 005 | 20130416161935.7 | ||
| 021 |
_aRU _b[65-62501] |
||
| 035 | _a(NLR Aleph) 008587512 | ||
| 090 |
_a8623571 _c8623571 |
||
| 100 | _a20130416d1965 |||y0rusy50 ca | ||
| 101 | 0 | _arus | |
| 102 | _aRU | ||
| 105 | _aa z ||||| | ||
| 200 | 1 |
_aИсследования по математической и экспериментальной физике и механике _eДоклады к I науч. конференции молодых ученых-строителей. 1-5 июля 1965 г. Ленинград _f[Отв. ред. д-р техн. наук проф. С.Н. Нумеров _gМ-во высш. сред. и спец. образования РСФСР. Ленингр. ордена Трудового Красного Знамени инж.-строит. ин-т |
|
| 210 |
_aЛенинград _cБ. и. _d1965] |
||
| 215 |
_a215 с. _cил. _d20 |
||
| 320 | _aБиблиогр. в конце докладов | ||
| 606 |
_aФизика экспериментальная _jСборники _2psbo |
||
| 606 |
_aМатематическая физика _jСборники _2psbo |
||
| 606 |
_aМеханика прикладная _jСборники _2psbo |
||
| 702 | 1 |
_aНумеров _bС. Н. _gСергей Николаевич _4340 |
|
| 712 | 0 | 2 | _aНаучная конф. молодых ученых-строителей (1; 1965; Ленинград) |
| 801 | 0 |
_aRU _bNLR _gpsbo |
|
| 801 | 1 |
_aRU _bELAR _2rusmarc |
|
| 852 |
_aNLR _j65-3/4142 |
||
| 942 | _cBOOK | ||
| 980 | _aNB | ||